CREDIT MONITORING LEGAL ASPECTS AND RECO (Record no. 22938)

MARC details
000 -LEADER
fixed length control field 00280nam a2200109Ia 4500
008 - FIXED-LENGTH DATA ELEMENTS--GENERAL INFORMATION
fixed length control field 240624s9999 xx 000 0 und d
041 ## - LANGUAGE CODE
Language code of text/sound track or separate title eng
082 ## - DEWEY DECIMAL CLASSIFICATION NUMBER
Classification number 340 MUK
100 ## - MAIN ENTRY--PERSONAL NAME
Personal name MUKHERJEE D D
245 ## - TITLE STATEMENT
Title CREDIT MONITORING LEGAL ASPECTS AND RECO
260 ## - PUBLICATION, DISTRIBUTION, ETC.
Date of publication, distribution, etc. 2013
Place of publication, distribution, etc. Mumbai
Name of publisher, distributor, etc. Snow White
Holdings
Withdrawn status Lost status Damaged status Not for loan Home library Current library Shelving location Date acquired Full call number Barcode Date last seen Price effective from Koha item type
        IMTN IMTN Rack 14-B 09/15/2014 340 MUK 22938 06/24/2024 06/24/2024 Books
Designed & Maintained by: LRC IMT Nagpur Contact: lrc@imtnag.ac.in© 2024. All Rights Reserved.